000 00454cam a2200181ua 4500
001 3765
008 120216n ii |||gr||||Z||||||asm
040 _cMAIN
082 _a809
100 _aBharali, Sailen,
_eAuthor.
245 1 1 _aAdhunik bharatiya sahitya
_cby Sailen Bharali
250 _a1st.
260 _aGuwahati:
_bChandra Prakash.
300 _a126p:
_c23cm.
653 _aAssamese language
653 _aAdhunik bharatiya sahitya
942 _cBK
999 _c3591
_d3591